000 00714nam a2200217Ia 4500
003 OSt
005 20260427130428.0
008 160316s2012 xxu||||| |||| 00| 0 eng d
020 _a9780414046139 (pbk)
082 _a345 WIL
100 _aWilliams, Glanville
245 _aText book of criminal law /
_cGlanville Williams
250 _a3rd ed.
260 _aLondon :
_bSweet & Maxwell ;
_c2012.
300 _acxxvi, 1368 p. ;
_c23 cm,
365 _bRs. 3106.00
505 _aPart 1: General Considerations; Part 2: The Protection of the Person; Part 3: Involvement in Crime; Part 4: Defences; Part 5: The Protection of Property.
650 _aCriminal Law
700 _aBaker, Dennis
942 _2ddc
_cBK
999 _c30036
_d30036